00234nam a2200085Ia 4500001000800000005001700008008004100025245004800066260003400114110203020250827003314.0250824s9999 xx 000 0 und d 0aOKULLAR İÇİN YAZIM KILAVUZUcANONİM bTÜRK DİL KURUMU YAYINLARI